000 00440nam a2200181Ia 4500
001 1655
005 20260306143744.0
008 260306t2014||||xx |||||||||||||| ||spa||
041 _aESP
082 _a153.9
_bS753 Nº 2
100 _aSmeke Mizrahi, Sofía
_eAUT
245 0 _aAlcanzando la inteligencia emocional 2
260 _c2014
300 _a79 páginas :
_c27 cm.
650 _aGEN
654 _aCPS
942 _cLIB
_dJUS
_fJUS
_2ddc
_n
999 _c1655
_d1655